[Event "Lille Luce op 3rd"]
[Site "Lille"]
[Date "2012.04.24"]
[Round "2"]
[White "Lambert, Rene"]
[Black "Podvin, Antoine"]
[Result "0-1"]
[WhiteElo "1730"]
[BlackElo "1490"]
[PlyCount "58"]
[EventDate "2012.04.23"]
[EventType "swiss"]
[EventRounds "8"]
[EventCountry "FRA"]
[SourceTitle "CBM 148 Extra"]
[Source "ChessBase"]
[SourceDate "2012.06.22"]
[SourceVersion "1"]
[SourceVersionDate "2012.06.22"]
[SourceQuality "1"]

1. b3 d5 2. Bb2 c5 3. g3 Nc6 4. Bg2 Bf5 5. d3 Nf6 6. Nf3 Qc7 7. e3 e5 8. Nbd2 Bd6 9. 0-0 Bg4 10. h3 Bh5 11. Qe1 Nb4 12. Qc1 d4 13. Nc4 0-0 14. Nxd6 Qxd6 15. Qd2 Rfe8 16. exd4 exd4 17. a3 Nbd5 18. b4 b6 19. c4 dxc3 20. Bxc3 Nxc3 21. Qxc3 Rad8 22. Rfd1 Nd5 23. Qb3 cxb4 24. axb4 Re7 25. b5 Red7 26. Rd2 Qf6 27. d4 Bxf3 28. Bxf3 Ne7 29. d5 Qxa1+ 0-1

[Event "Festival des tournois d'ete - tournoi A"]
[Site "Bethune"]
[Date "2009.08.29"]
[Round "4"]
[White "Renard, Stephane"]
[Black "Lambert, Rene"]
[Result "1-0"]
[WhiteElo "1967"]
[BlackElo "1700"]
[PlyCount "109"]
[EventDate "2009.08.28"]
[EventType "tourn"]
[EventRounds "7"]
[EventCountry "FRA"]
[SourceTitle "EXT 2020"]
[Source "ChessBase"]
[SourceDate "2019.10.17"]
[SourceVersion "1"]
[SourceVersionDate "2019.10.17"]
[SourceQuality "1"]

1. f4 d5 2. Nf3 Bf5 3. g3 c6 4. Bg2 Qb6 5. a4 a5 6. e3 g6 7. Nh4 Be4 8. Nf3 Bg7 9. Ra3 Nd7 10. 0-0 Ngf6 11. d3 Bxf3 12. Qxf3 0-0 13. Kh1 Qc5 14. c3 b5 15. axb5 Qxb5 16. e4 Nc5 17. e5 Nfd7 18. Rd1 Rac8 19. Bf1 Qb6 20. Nd2 a4 21. d4 Nb3 22. Nxb3 axb3 23. c4 Ra8 24. Rxb3 Qc7 25. cxd5 cxd5 26. Qxd5 Ra1 27. Rc3 Qa7 28. Ra3 Rxa3 29. bxa3 Nb6 30. Qf3 Rc8 31. Bd2 e6 32. Bb4 Bf8 33. Qd3 Bxb4 34. axb4 Nd5 35. Rb1 Rc3 36. Qd2 Qa3 37. Qb2 Qa7 38. Qd2 Qa3 39. b5 Ne3 40. Kg1 Nxf1 41. Kxf1 Qa5 42. Qb2 Ra3 43. b6 Qa6+ 44. Qb5 Rf3+ 45. Ke2 Qa3 46. b7 Qe3+ 47. Kd1 Qxd4+ 48. Ke2 Qe3+ 49. Kd1 Qd4+ 50. Ke1 Qe3+ 51. Qe2 Qc3+ 52. Qd2 Re3+ 53. Kd1 Rd3 54. b8Q+ Kg7 55. Qbb2 1-0

[Event "Bethune op-B 25th"]
[Site "Bethune"]
[Date "2004.12.29"]
[Round "6"]
[White "Desbouvries, Gauthier"]
[Black "Lambert, Rene"]
[Result "0-1"]
[WhiteElo "1420"]
[BlackElo "1670"]
[PlyCount "72"]
[EventDate "2004.12.26"]
[EventType "swiss"]
[EventRounds "7"]
[EventCountry "FRA"]
[SourceTitle "EXT 2006"]
[Source "ChessBase"]
[SourceDate "2005.11.24"]
[SourceVersion "1"]
[SourceVersionDate "2005.11.24"]
[SourceQuality "1"]

1. e4 d6 2. d4 g6 3. Be3 Bg7 4. Qd2 Nf6 5. f3 Nbd7 6. Bd3 c6 7. Ne2 0-0 8. Bh6 e5 9. c3 b5 10. g4 Qb6 11. g5 Ne8 12. h4 Bxh6 13. gxh6 Nef6 14. Qg5 Nh5 15. Ng3 Nxg3 16. Qxg3 b4 17. f4 exd4 18. c4 Qc5 19. f5 Ne5 20. Rg1 Qa5 21. b3 Qd8 22. h5 Qf6 23. Bc2 Bb7 24. Rf1 Qe7 25. Nd2 Kh8 26. 0-0-0 Rg8 27. hxg6 fxg6 28. fxg6 Rxg6 29. Qf4 Rag8 30. Nf3 Rf8 31. Qh4 Qxh4 32. Nxh4 Rgf6 33. Rxf6 Rxf6 34. Rxd4 Rxh6 35. Nf5 Rh1+ 36. Kd2 Nf3+ 0-1

[Event "Bethune op-B 25th"]
[Site "Bethune"]
[Date "2004.12.26"]
[Round "1"]
[White "Lambert, Rene"]
[Black "De Cagny, Guillaume"]
[Result "1-0"]
[WhiteElo "1670"]
[BlackElo "1540"]
[PlyCount "97"]
[EventDate "2004.12.26"]
[EventType "swiss"]
[EventRounds "7"]
[EventCountry "FRA"]
[SourceTitle "EXT 2006"]
[Source "ChessBase"]
[SourceDate "2005.11.24"]
[SourceVersion "1"]
[SourceVersionDate "2005.11.24"]
[SourceQuality "1"]

1. d4 f5 2. g3 e6 3. Bg2 Nf6 4. Bf4 Be7 5. Nd2 0-0 6. c4 Qe8 7. Bxc7 Na6 8. Bf4 d5 9. Ngf3 Bb4 10. Ne5 dxc4 11. Nexc4 Qd7 12. e3 Ng4 13. a3 Be7 14. 0-0 g5 15. Be5 Bf6 16. Bxf6 Rxf6 17. h3 Nh6 18. Nf3 g4 19. Nfe5 Qg7 20. b4 Nc7 21. Nd6 Qe7 22. Nxc8 Rxc8 23. Bxb7 Rcf8 24. Bc6 Qd6 25. Qa4 Rd8 26. Qxa7 Nf7 27. Rad1 Nxe5 28. dxe5 Qxd1 29. Rxd1 Rxd1+ 30. Kg2 Rf7 31. Qb8+ Kg7 32. b5 Rc1 33. Qb6 Nd5 34. Bxd5 exd5 35. Qd6 Rfc7 36. Qxd5 Ra1 37. e6 Kg6 38. e4 fxe4 39. Qxe4+ Kh6 40. Qxg4 Rg1+ 41. Kxg1 Rc1+ 42. Kg2 Rg1+ 43. Kf3 Rxg3+ 44. Kf4 Rxg4+ 45. Kxg4 Kg7 46. Kf5 Kf8 47. b6 Ke8 48. b7 Kd8 49. Ke5 1-0